[Event "8th Novi Sad it"]
[Site "Novi Sad"]
[Date "1979.10.13"]
[EventDate "1979.10.13"]
[Round "1.2"]
[White "Buljovcic, Ivan"]
[Black "Farago, Ivan"]
[Result "1/2-1/2"]
[WhiteElo "2430"]
[BlackElo "2510"]
[PlyCount "158"]
[Source "Perpetual Check"]

1. e4 e6 2. d4 d5 3. Nd2 Nf6 4. e5 Nfd7 5. c3 c5 6. Bd3 Nc6 7. Ne2 cxd4 8. cxd4
f6 9. exf6 Nxf6 10. Nf3 Bd6 11. O-O Qb6 12. Nc3 O-O 13. Be3 Bd7 14. a3 Rae8 15.
Rc1 Qd8 16. Bg5 Re7 17. Bh4 Be8 18. Na4 Bh5 19. Be2 Qb8 20. Bg3 Ne4 21. Nc5
Nxc5 22. Rxc5 Qd8 23. Rc2 Bf4 24. b4 Rc7 25. Re1 a6 26. Ne5 Nxe5 27. Bxh5 Rxc2
28. Qxc2 Nc6 29. Qb2 Qg5 30. Bf3 h5 31. Rxe6 h4 32. Bxf4 Rxf4 33. Re8+ Kf7 34.
Re3 Nxd4 35. Qc3 Kg6 36. Qd3+ Kh6 37. h3 Qf6 38. Qd2 Qg5 39. Bg4 Re4 40. Rd3
Qxd2 41. Rxd2 Nb5 42. Bf3 Re1+ 43. Kh2 Nc7 44. Bxd5 Nxd5 45. Rxd5 Ra1 46. Rd3
Ra2 47. Rf3 Rb2 48. Rf4 g5 49. Rf6+ Kh5 50. g4+ hxg3+ 51. Kxg3 Rb3+ 52. Rf3 Rb2
53. Rd3 a5 54. bxa5 Rb5 55. f4 Rxa5 56. Rb3 Rc5 57. fxg5 Kxg5 58. Kf3 Rc4 59.
Ke2 Rh4 60. Kd2 Kf5 61. Rf3+ Ke5 62. Re3+ Kd5 63. Ke2 b5 64. Kf2 b4 65. Kg3 Rc4
66. axb4 Rxb4 67. h4 Rb1 68. h5 Rh1 69. Kg4 Rg1+ 70. Kf5 Rh1 71. Kg6 Rg1+ 72.
Kf6 Rf1+ 73. Kg7 Rg1+ 74. Kh7 Kd6 75. Re8 Rh1 76. h6 Kd7 77. Rg8 Ke7 78. Rg2
Kf7 79. Rf2+ Ke7 1/2-1/2

[Event "8th Novi Sad it"]
[Site "Novi Sad"]
[Date "1979.10.13"]
[EventDate "1979.10.13"]
[Round "1.4"]
[White "Popovic, Petar"]
[Black "Browne, Walter Shawn"]
[Result "1/2-1/2"]
[WhiteElo "2410"]
[BlackElo "2540"]
[PlyCount "123"]
[Source "Perpetual Check"]

1. e4 c5 2. Nf3 d6 3. Nc3 Nf6 4. e5 dxe5 5. Nxe5 Nbd7 6. Nc4 g6 7. g3 Nb6 8.
Nxb6 Qxb6 9. Bb5+ Bd7 10. a4 Bxb5 11. axb5 Bg7 12. O-O O-O 13. d3 Nd7 14. Re1
e6 15. Qf3 a6 16. bxa6 Rxa6 17. Rxa6 Qxa6 18. Ne4 Qc6 19. Bd2 c4 20. Bc3 cxd3
21. Bxg7 Kxg7 22. Qxd3 Ne5 23. Qe2 Rd8 24. f4 Qb6+ 25. Kg2 Nc6 26. c3 Qb3 27.
Kg1 Qd5 28. Nf2 Qf5 29. b4 h6 30. b5 Na5 31. Qe5+ Qxe5 32. Rxe5 Rc8 33. b6 Nc4
34. Rb5 Rc6 35. Ne4 Rxb6 36. Rxb6 Nxb6 37. Nd6 Na4 38. Nxb7 Nxc3 39. Nc5 Kf6
40. Kf2 Kf5 41. Kf3 Kf6 42. Nd7+ Ke7 43. Ne5 Nb5 44. g4 g5 45. fxg5 hxg5 46.
Kg3 Nd4 47. h4 f6 48. Nc4 gxh4+ 49. Kxh4 e5 50. Kg3 Ke6 51. Ne3 Kd6 52. Kf2 Kc5
53. Nf1 Kd5 54. Ng3 e4 55. Ke3 Nc2+ 56. Kf4 e3 57. Kf3 Kc4 58. Ke2 Kd4 59. Nh5
Nb4 60. Nxf6 Nd3 61. Nh5 Nc1+ 62. Kd1 1/2-1/2

[Event "8th Novi Sad it"]
[Site "Novi Sad"]
[Date "1979.10.13"]
[EventDate "1979.10.13"]
[Round "1.6"]
[White "Gheorghiu, Florin"]
[Black "Kurajica, Bojan"]
[Result "1/2-1/2"]
[WhiteElo "2540"]
[BlackElo "2515"]
[PlyCount "80"]
[Source "Perpetual Check"]

1. c4 e6 2. Nf3 Nf6 3. d4 b6 4. a3 Bb7 5. Nc3 d5 6. cxd5 exd5 7. g3 g6 8. Bg2
Bg7 9. Ne5 O-O 10. Bg5 c6 11. e4 Qe8 12. Bxf6 Bxf6 13. f4 Bg7 14. Qb3 f6 15.
Nd3 f5 16. e5 Na6 17. Qc2 Nc7 18. b4 Qd7 19. a4 Rfc8 20. O-O Bf8 21. Qa2 a5 22.
Rfb1 axb4 23. Nxb4 Ra5 24. Nc2 Ne6 25. Qb3 Raa8 26. Qxb6 Ba6 27. Qb2 Bd3 28.
Rd1 Rcb8 29. Qc1 Ba6 30. Bf1 Rb3 31. Bxa6 Rxc3 32. Bd3 Qa7 33. Qe3 Nxd4 34.
Nxd4 Bc5 35. Kg2 Bxd4 36. Qe2 Rxd3 37. Qxd3 Bxa1 38. Rxa1 Qc5 39. Qb3 Qd4 40.
Qb7 Qxa1 1/2-1/2

[Event "8th Novi Sad it"]
[Site "Novi Sad"]
[Date "1979.10.14"]
[EventDate "1979.10.13"]
[Round "2.2"]
[White "Kurajica, Bojan"]
[Black "Knaak, Rainer"]
[Result "1/2-1/2"]
[WhiteElo "2515"]
[BlackElo "2565"]
[PlyCount "30"]
[Source "Perpetual Check"]

1. e4 Nc6 2. Nf3 e5 3. Bb5 a6 4. Ba4 d6 5. O-O Bd7 6. c3 Nf6 7. Re1 g6 8. d4
Qe7 9. Nbd2 Bg7 10. Nf1 O-O 11. Bg5 h6 12. Bh4 Rfe8 13. Bc2 exd4 14. Nxd4 Qe5
15. Bg3 Qe7 1/2-1/2

[Event "8th Novi Sad it"]
[Site "Novi Sad"]
[Date "1979.10.14"]
[EventDate "1979.10.13"]
[Round "2.3"]
[White "Gligoric, Svetozar"]
[Black "Gheorghiu, Florin"]
[Result "1/2-1/2"]
[WhiteElo "2560"]
[BlackElo "2540"]
[PlyCount "28"]
[Source "Perpetual Check"]

1. d4 Nf6 2. c4 c5 3. d5 g6 4. Nc3 Bg7 5. e4 d6 6. Nf3 O-O 7. h3 e6 8. Bd3 exd5
9. exd5 Re8+ 10. Be3 b5 11. cxb5 Nbd7 12. O-O Nb6 13. Bg5 Bb7 14. Nh2 Nbxd5
1/2-1/2

[Event "8th Novi Sad it"]
[Site "Novi Sad"]
[Date "1979.10.14"]
[EventDate "1979.10.13"]
[Round "2.4"]
[White "Browne, Walter Shawn"]
[Black "Deze, Anton"]
[Result "1-0"]
[WhiteElo "2540"]
[BlackElo "2415"]
[PlyCount "78"]
[Source "Perpetual Check"]

1. d4 Nf6 2. Nf3 e6 3. c4 b6 4. a3 c5 5. d5 exd5 6. cxd5 Bb7 7. Nc3 d6 8. e4
Be7 9. Be2 O-O 10. O-O Re8 11. Bf4 Bf8 12. Nd2 Nbd7 13. Re1 Ne5 14. Bg3 g5 15.
Bb5 Nfd7 16. Bxe5 Nxe5 17. Bxe8 Qxe8 18. Nf3 h6 19. h4 Bc8 20. Nxe5 Qxe5 21.
hxg5 hxg5 22. Rc1 Bd7 23. b3 Bg7 24. Qd2 Bf6 25. Nd1 Kg7 26. Qc3 Qe7 27. Qd3
Rh8 28. Ne3 Qe5 29. g3 Qb2 30. Nc4 Qd4 31. Qxd4 Bxd4 32. Nxd6 Bb2 33. Nc4 Bxc1
34. Rxc1 Bg4 35. Ne5 Bc8 36. f3 Kf6 37. Nc4 Ba6 38. e5+ Kf5 39. Re1 {time} 1-0

[Event "8th Novi Sad it"]
[Site "Novi Sad"]
[Date "1979.10.14"]
[EventDate "1979.10.13"]
[Round "2.5"]
[White "Rajkovic, Dusan"]
[Black "Popovic, Petar"]
[Result "1-0"]
[WhiteElo "2460"]
[BlackElo "2410"]
[PlyCount "113"]
[Source "Perpetual Check"]

1. c4 Nf6 2. Nc3 d5 3. cxd5 Nxd5 4. g3 g6 5. Bg2 Nxc3 6. bxc3 Bg7 7. Rb1 Nd7 8.
h4 Nb6 9. h5 Bf5 10. Rb4 c5 11. Rb5 Bd7 12. Ra5 O-O 13. hxg6 hxg6 14. Qb3 Be6
15. Qc2 Bd5 16. e4 Nd7 17. Ra3 Bc6 18. d4 cxd4 19. cxd4 Qb6 20. Ne2 Rfc8 21.
Rc3 Qd8 22. O-O Bb5 23. Rd1 Nb6 24. Qd2 Ba4 25. Re1 Rxc3 26. Qxc3 Rc8 27. Qa5
a6 28. e5 Bc6 29. Bxc6 Rxc6 30. Bg5 Qd5 31. Qb4 e6 32. Nc3 Qc4 33. Qxc4 Rxc4
34. Rb1 Rxc3 35. Rxb6 Rc7 36. Kg2 Bf8 37. Kf3 Be7 38. Bxe7 Rxe7 39. Ke4 Rc7 40.
f4 Rc2 41. g4 Rxa2 42. f5 gxf5+ 43. gxf5 exf5+ 44. Kxf5 a5 45. Rxb7 a4 46. Ra7
a3 47. Kf6 Rf2+ 48. Ke7 a2 49. d5 Rf5 50. Kd6 Rf2 51. Kc6 Rc2+ 52. Kd7 Re2 53.
d6 Kg7 54. e6 Rxe6 55. Rxa2 Re1 56. Rc2 Ra1 57. Kc8 1-0

[Event "8th Novi Sad it"]
[Site "Novi Sad"]
[Date "1979.10.15"]
[EventDate "1979.10.13"]
[Round "3.1"]
[White "Buljovcic, Ivan"]
[Black "Bojkovic, Slobodan"]
[Result "1/2-1/2"]
[WhiteElo "2430"]
[BlackElo "2410"]
[PlyCount "90"]
[Source "Perpetual Check"]

1. e4 e5 2. Nf3 Nc6 3. Bb5 f5 4. Nc3 Nd4 5. Ba4 Nf6 6. exf5 Bc5 7. Nxe5 O-O 8.
O-O d5 9. Nf3 Bxf5 10. Nxd4 Bxd4 11. Ne2 Bg4 12. c3 Qe7 13. Qe1 Bxe2 14. cxd4
Kf7 15. d3 c6 16. Bd2 a5 17. b4 Rfe8 18. Bd1 Bxf1 19. Qxe7+ Kxe7 20. Kxf1 axb4
21. Bxb4+ Kd7 22. a4 Ra6 23. Bd2 b6 24. Rb1 Rb8 25. a5 b5 26. Bb4 Rba8 27. Ra1
R6a7 28. g4 h6 29. h4 Ke6 30. g5 hxg5 31. hxg5 Nh7 32. Bg4+ Kf7 33. Rc1 Rc7 34.
Bd6 Rb7 35. Rxc6 Rxa5 36. g6+ Kxg6 37. Bb4+ Kg5 38. Bxa5 Kxg4 39. Rc5 Nf6 40.
Bb4 Kf3 41. Rc1 Ng4 42. Rc8 Rf7 43. Be1 Rf6 44. Rc7 g6 45. Rh7 g5 1/2-1/2

[Event "8th Novi Sad it"]
[Site "Novi Sad"]
[Date "1979.10.15"]
[EventDate "1979.10.13"]
[Round "3.3"]
[White "Popovic, Petar"]
[Black "Farago, Ivan"]
[Result "1/2-1/2"]
[WhiteElo "2410"]
[BlackElo "2510"]
[PlyCount "86"]
[Source "Perpetual Check"]

1. e4 e6 2. d4 d5 3. e5 c5 4. c3 Nc6 5. Nf3 Qb6 6. g3 cxd4 7. cxd4 Nh6 8. Bh3
Qa6 9. Nc3 Bb4 10. Bxh6 gxh6 11. Bf1 Qb6 12. Qd2 Bd7 13. Be2 Bf8 14. O-O Na5
15. Nh4 Bg7 16. Ng2 O-O 17. Ne3 f6 18. exf6 Bxf6 19. Rad1 Bg7 20. Bg4 Rad8 21.
Rfe1 Kh8 22. b3 Qa6 23. Nc2 Qd6 24. Bh3 b6 25. Re2 Rc8 26. Rde1 Rf3 27. Nd1 Qc7
28. Nb4 Qc1 29. Bxe6 Qxd2 30. Rxd2 Re8 31. Kg2 Rf6 32. Bxd7 Rxe1 33. Ne3 Rd6
34. Bb5 Rc1 35. Nexd5 Rc8 36. Re2 Bxd4 37. Re7 Rcd8 38. Nf4 Bc5 39. Na6 Nc6 40.
Bxc6 Rxc6 41. Nxc5 Rxc5 42. Rxa7 Ra5 43. Rb7 Rxa2 1/2-1/2

[Event "8th Novi Sad it"]
[Site "Novi Sad"]
[Date "1979.10.15"]
[EventDate "1979.10.13"]
[Round "3.4"]
[White "Deze, Anton"]
[Black "Rajkovic, Dusan"]
[Result "0-1"]
[WhiteElo "2415"]
[BlackElo "2460"]
[PlyCount "116"]
[Source "Perpetual Check"]

1. c4 c5 2. Nf3 Nf6 3. Nc3 g6 4. e4 Bg7 5. d4 d6 6. Be2 O-O 7. O-O Na6 8. Rb1
Re8 9. Re1 Bg4 10. d5 Nc7 11. h3 Bxf3 12. Bxf3 Nd7 13. Be2 a6 14. a3 Rb8 15.
Bd2 Bd4 16. Bf1 e6 17. Ne2 Bf6 18. Nc3 Bd4 19. Ne2 Be5 20. Nc3 Qf6 21. Qc1 Bd4
22. Re2 exd5 23. Bg5 Qh8 24. exd5 Rxe2 25. Nxe2 Be5 26. b3 Re8 27. Qc2 f5 28.
Bd2 Qg7 29. Nf4 Bd4 30. Re1 Rxe1 31. Bxe1 Qe5 32. Bd2 Nf6 33. Ne2 Ba1 34. Bf4
Qe7 35. Nc3 Ne4 36. Nxe4 fxe4 37. Be3 Bd4 38. Qd2 Qe5 39. g3 Ne8 40. Bg2 Nf6
41. Kh2 Bxe3 42. Qxe3 Kf7 43. a4 g5 44. Kg1 h6 45. Bf1 Qd4 46. Qe1 Kg6 47. Bg2
Qd3 48. h4 gxh4 49. gxh4 b6 50. Qc1 e3 51. fxe3 Ng4 52. h5+ Kg5 53. e4+ Kxh5
54. Qe1 Kg5 55. a5 bxa5 56. Kh1 Qe3 57. Qa1 Kh4 58. Qf1 Qg3 0-1

[Event "8th Novi Sad it"]
[Site "Novi Sad"]
[Date "1979.10.15"]
[EventDate "1979.10.13"]
[Round "3.5"]
[White "Gheorghiu, Florin"]
[Black "Browne, Walter Shawn"]
[Result "1-0"]
[WhiteElo "2540"]
[BlackElo "2540"]
[PlyCount "85"]
[Source "Perpetual Check"]

1. d4 Nf6 2. c4 e6 3. Nf3 b6 4. a3 Bb7 5. Nc3 d5 6. cxd5 Nxd5 7. e3 Be7 8. Bb5+
c6 9. Bd3 O-O 10. e4 Nxc3 11. bxc3 c5 12. O-O Nd7 13. Qe2 Rc8 14. Bb2 Qc7 15.
Nd2 Bg5 16. a4 Rfd8 17. Rfd1 g6 18. a5 Bc6 19. axb6 axb6 20. f3 Ra8 21. e5 Rxa1
22. Bxa1 Ra8 23. Ne4 cxd4 24. cxd4 Bd5 25. Bc3 Ra2 26. Qe1 Bc4 27. Qf1 Be3+ 28.
Kh1 Bd5 29. Ra1 Rxa1 30. Qxa1 Qc6 31. h4 h5 32. Kh2 Bh6 33. Bb4 Bf8 34. Bxf8
Kxf8 35. Nd6 Qc7 36. Bb5 Nb8 37. Be8 Qe7 38. Kg3 g5 39. Qc1 gxh4+ 40. Kh2 Kg7
41. Bxf7 Nc6 42. Qf4 Kh7 43. Ne8 1-0

[Event "8th Novi Sad it"]
[Site "Novi Sad"]
[Date "1979.10.15"]
[EventDate "1979.10.13"]
[Round "3.6"]
[White "Knaak, Rainer"]
[Black "Gligoric, Svetozar"]
[Result "1/2-1/2"]
[WhiteElo "2565"]
[BlackElo "2560"]
[PlyCount "46"]
[Source "Perpetual Check"]

1. d4 Nf6 2. c4 e6 3. Nc3 Bb4 4. e3 c5 5. Bd3 Nc6 6. Nf3 Bxc3+ 7. bxc3 d6 8. e4
e5 9. d5 Ne7 10. Nd2 Qa5 11. Qc2 O-O 12. g3 Bd7 13. Nb3 Qd8 14. h4 Ba4 15. Bg5
Nd7 16. h5 f6 17. Be3 Kh8 18. Qd2 a6 19. Qe2 b5 20. Nd2 Rb8 21. O-O Nb6 22.
Rab1 bxc4 23. Nxc4 Nxc4 1/2-1/2

[Event "8th Novi Sad it"]
[Site "Novi Sad"]
[Date "1979.10.17"]
[EventDate "1979.10.13"]
[Round "4.1"]
[White "Bojkovic, Slobodan"]
[Black "Kurajica, Bojan"]
[Result "1/2-1/2"]
[WhiteElo "2410"]
[BlackElo "2515"]
[PlyCount "43"]
[Source "Perpetual Check"]

1. e4 c5 2. Nf3 Nc6 3. d4 cxd4 4. Nxd4 Qc7 5. Nb5 Qb8 6. c4 e6 7. f4 a6 8. N5c3
Bc5 9. Qg4 Kf8 10. Qg3 Qa7 11. Be2 d6 12. a3 Nd4 13. Bd1 b5 14. b4 Bb6 15. Nd2
Qc7 16. cxb5 axb5 17. Bb2 f5 18. Rc1 Qd7 19. Ne2 Nxe2 20. Bxe2 Nf6 21. Bf3 Bb7
22. exf5 1/2-1/2

[Event "8th Novi Sad it"]
[Site "Novi Sad"]
[Date "1979.10.17"]
[EventDate "1979.10.13"]
[Round "4.4"]
[White "Rajkovic, Dusan"]
[Black "Gheorghiu, Florin"]
[Result "0-1"]
[WhiteElo "2460"]
[BlackElo "2540"]
[PlyCount "114"]
[Source "Perpetual Check"]

1. c4 c5 2. Nf3 Nf6 3. Nc3 b6 4. e4 d6 5. d4 cxd4 6. Nxd4 Bb7 7. Bd3 e6 8. O-O
Be7 9. b3 O-O 10. Bb2 a6 11. Qe2 Nc6 12. Nxc6 Bxc6 13. f4 Nd7 14. Rad1 b5 15.
Nd5 bxc4 16. Nxe7+ Qxe7 17. Bxc4 Nc5 18. f5 e5 19. Bd5 Bb5 20. Bc4 Bc6 21. Bd5
Bb5 22. Qg4 Bxf1 23. Rxf1 Nd7 24. Bxa8 Nf6 25. Qe2 Qa7+ 26. Kh1 Qxa8 27. Ba3
Nxe4 28. Re1 Nc3 29. Qg4 Qd5 30. f6 g6 31. Bc1 h5 32. Qh4 Rc8 33. Bh6 Nb5 34.
Qa4 Rc2 35. Rg1 Kh7 36. Be3 Nc7 37. Qd7 Qe6 38. Qd8 Ne8 39. Qa5 d5 40. Bg5 Nxf6
41. Bxf6 Qxf6 42. Qxd5 Rxa2 43. h3 Rf2 44. Qc4 Rf4 45. Qe2 Rb4 46. Rf1 Qe6 47.
Ra1 Rxb3 48. Rxa6 Rb1+ 49. Kh2 Qf5 50. Ra4 Qf1 51. Qxf1 Rxf1 52. Re4 f6 53. Rb4
Kh6 54. Rb8 h4 55. Re8 Kg5 56. Rh8 e4 57. Re8 f5 0-1

[Event "8th Novi Sad it"]
[Site "Novi Sad"]
[Date "1979.10.17"]
[EventDate "1979.10.13"]
[Round "4.5"]
[White "Farago, Ivan"]
[Black "Deze, Anton"]
[Result "1-0"]
[WhiteElo "2510"]
[BlackElo "2415"]
[PlyCount "74"]
[Source "Perpetual Check"]

1. d4 Nf6 2. c4 c5 3. d5 b5 4. cxb5 a6 5. e3 g6 6. Nc3 Bg7 7. e4 O-O 8. a4 Bb7
9. e5 Ne8 10. Nf3 d6 11. Bf4 dxe5 12. Bxe5 Nf6 13. Bc4 axb5 14. axb5 Nbd7 15.
Rxa8 Qxa8 16. O-O Nxe5 17. Nxe5 Nxd5 18. Nxg6 hxg6 19. Nxd5 Rd8 20. Nxe7+ Kf8
21. Qe2 Re8 22. Nxg6+ fxg6 23. Qg4 Bd5 24. b3 Bxc4 25. Qxc4 Bd4 26. b4 Qe4 27.
bxc5 Kg7 28. Qc1 Rf8 29. c6 Qe5 30. Qd2 Rf7 31. Kh1 Bb6 32. Qd3 Bc7 33. g3 Rf5
34. Rd1 Rxf2 35. Qd4 Rf1+ 36. Kg2 Rxd1 37. Qxd1 {time} 1-0

[Event "8th Novi Sad it"]
[Site "Novi Sad"]
[Date "1979.10.17"]
[EventDate "1979.10.13"]
[Round "4.6"]
[White "Beliavsky, Alexander"]
[Black "Popovic, Petar"]
[Result "1/2-1/2"]
[WhiteElo "2595"]
[BlackElo "2410"]
[PlyCount "93"]
[Source "Perpetual Check"]

1. e4 c5 2. Nf3 d6 3. d4 cxd4 4. Nxd4 Nf6 5. Nc3 Nc6 6. Bg5 Qb6 7. Nb3 e6 8.
Bxf6 gxf6 9. Qd2 a6 10. O-O-O Bd7 11. f4 O-O-O 12. Be2 h5 13. Kb1 Kb8 14. Qd3
Bc8 15. Qh3 Bg7 16. f5 Ne5 17. Rhf1 Bf8 18. fxe6 fxe6 19. Nd4 d5 20. exd5 exd5
21. Qh4 Be7 22. Nb3 Be6 23. Qd4 Qc7 24. Qe3 Bf7 25. Qf4 Rc8 26. Rd2 Rhd8 27.
Rfd1 Ka8 28. Ka1 Qc6 29. g3 Bf8 30. Bf1 Ng4 31. Qd4 Bd6 32. Na4 Be5 33. Nb6+
Kb8 34. Qg1 Rc7 35. Bg2 Qe8 36. Nxd5 Bxd5 37. Bxd5 Ne3 38. c4 Nxd1 39. Qxd1 Qg6
40. a3 Qg4 41. Qg1 h4 42. Nc5 Rd6 43. Qe3 Qg5 44. Qxg5 fxg5 45. Re2 Rxc5 46.
Rxe5 Rg6 47. gxh4 1/2-1/2

[Event "8th Novi Sad it"]
[Site "Novi Sad"]
[Date "1979.10.18"]
[EventDate "1979.10.13"]
[Round "5.1"]
[White "Geller, Efim"]
[Black "Bojkovic, Slobodan"]
[Result "1-0"]
[WhiteElo "2550"]
[BlackElo "2410"]
[PlyCount "103"]
[Source "Perpetual Check"]

1. c4 e6 2. Nf3 Nf6 3. d4 d5 4. Bg5 c6 5. e3 Nbd7 6. cxd5 Qa5+ 7. Nbd2 exd5 8.
a3 Qc7 9. Bd3 a5 10. O-O Bd6 11. Qc2 h6 12. Bh4 O-O 13. Rfe1 Kh8 14. e4 dxe4
15. Bxe4 Bf4 16. Rad1 a4 17. Nc4 Nd5 18. Nfe5 N7f6 19. Bf5 b5 20. Nd2 c5 21.
Ndf3 cxd4 22. Qxc7 Nxc7 23. Bxc8 Raxc8 24. Bxf6 gxf6 25. Nd3 Bd6 26. Nxd4 Rfd8
27. Nc6 Re8 28. Rxe8+ Rxe8 29. Kf1 Ne6 30. Ndb4 Bxb4 31. Nxb4 Rc8 32. g3 Rc5
33. Rd5 Kg7 34. Ke2 f5 35. Ke3 Kg6 36. Rxc5 Nxc5 37. Nd5 Ne4 38. Nc3 Nd6 39.
Kd4 Nc4 40. Nd1 f4 41. gxf4 Nxb2 42. Nxb2 b4 43. Nd3 bxa3 44. Kc3 Kf5 45. f3 f6
46. Kc2 Ke6 47. h4 Kd5 48. Nf2 Ke6 49. Ng4 Kf5 50. Nxh6+ Kxf4 51. Ng8 f5 52.
Ne7 1-0

[Event "8th Novi Sad it"]
[Site "Novi Sad"]
[Date "1979.10.18"]
[EventDate "1979.10.13"]
[Round "5.2"]
[White "Popovic, Petar"]
[Black "Buljovcic, Ivan"]
[Result "1/2-1/2"]
[WhiteElo "2410"]
[BlackElo "2430"]
[PlyCount "107"]
[Source "Perpetual Check"]

1. e4 c5 2. Nf3 d6 3. Nc3 a6 4. g3 g6 5. Bg2 Bg7 6. d4 cxd4 7. Nxd4 Nc6 8. Be3
Bd7 9. Nd5 Rb8 10. Ne2 Bxb2 11. Rb1 Bg7 12. Bb6 Qc8 13. Bc7 Ra8 14. Nb6 Qxc7
15. Nxa8 Qa5+ 16. Qd2 Qxd2+ 17. Kxd2 Na5 18. Nf4 Nf6 19. Nb6 Bc6 20. f3 e6 21.
Rhd1 g5 22. Nd3 Nd7 23. Nxd7 Kxd7 24. Kc1 Ke7 25. Nb4 Ba4 26. Bf1 Rc8 27. Bd3
Nc4 28. Nxa6 bxa6 29. Rb4 Bb5 30. a4 Bc3 31. Rb3 Na5 32. axb5 Nxb3+ 33. cxb3
Be5+ 34. Kb1 axb5 35. Bxb5 Rc3 36. Rd3 Rxd3 37. Bxd3 Bd4 38. Kc2 Bg1 39. h4 Bf2
40. hxg5 Bxg3 41. e5 Bxe5 42. Bxh7 Kf8 43. Bd3 Kg7 44. Kd1 Bf4 45. g6 f5 46.
Bc4 d5 47. Ba6 Kxg6 48. Bc8 Kf6 49. Ke2 Bd6 50. Kd2 Bb4+ 51. Ke2 e5 52. Bb7 Ke6
53. Bc8+ Kf6 54. Bb7 1/2-1/2

[Event "8th Novi Sad it"]
[Site "Novi Sad"]
[Date "1979.10.18"]
[EventDate "1979.10.13"]
[Round "5.4"]
[White "Gheorghiu, Florin"]
[Black "Farago, Ivan"]
[Result "1/2-1/2"]
[WhiteElo "2540"]
[BlackElo "2510"]
[PlyCount "42"]
[Source "Perpetual Check"]

1. c4 Nf6 2. d4 e6 3. Nf3 d5 4. Nc3 c5 5. cxd5 Nxd5 6. e4 Nxc3 7. bxc3 cxd4 8.
cxd4 Nc6 9. Bc4 b5 10. Be2 Bb4+ 11. Bd2 Qa5 12. d5 exd5 13. exd5 Ne7 14. O-O
Bxd2 15. Nxd2 O-O 16. Bf3 Nf5 17. Nb3 Qd8 18. Qd3 Nd6 19. Nd4 Bd7 20. a4 a6 21.
Rfd1 Qf6 1/2-1/2

[Event "8th Novi Sad it"]
[Site "Novi Sad"]
[Date "1979.10.18"]
[EventDate "1979.10.13"]
[Round "5.5"]
[White "Knaak, Rainer"]
[Black "Rajkovic, Dusan"]
[Result "1/2-1/2"]
[WhiteElo "2565"]
[BlackElo "2460"]
[PlyCount "113"]
[Source "Perpetual Check"]

1. d4 Nf6 2. c4 c5 3. d5 g6 4. Nc3 d6 5. e4 Bg7 6. Bd3 e6 7. Nge2 O-O 8. O-O
exd5 9. cxd5 a6 10. a4 Qc7 11. h3 Nbd7 12. f4 Rb8 13. Be3 Re8 14. Ng3 Nxe4 15.
Bxe4 f5 16. Bxf5 Rxe3 17. Be6+ Kh8 18. Rf3 Rxf3 19. Qxf3 Qb6 20. Qe2 c4+ 21.
Kh1 Nc5 22. f5 Nd3 23. Rf1 Qxb2 24. Qxb2 Nxb2 25. f6 Bf8 26. a5 Nd3 27. Nge4 h6
28. Kh2 g5 29. g3 Kh7 30. Rb1 Kg6 31. Rb6 Ne5 32. g4 Nf3+ 33. Kg3 Nd4 34. Nxd6
Bxe6 35. dxe6 Kxf6 36. Nxc4 Nc6 37. e7 Bxe7 38. Nd5+ Ke6 39. Nxe7 Kxe7 40. Kf3
Kd7 41. Ke4 Kc7 42. Rb3 Rd8 43. Rc3 Rd4+ 44. Kf5 Rd5+ 45. Kg6 Rc5 46. Kxh6 Ne5
47. Ne3 Rxc3 48. Nd5+ Kc6 49. Nxc3 Nf3 50. Kg6 b5 51. axb6 Kxb6 52. Kf5 a5 53.
Ke4 Ng1 54. Kd3 Nxh3 55. Ne4 Kb5 56. Kc3 a4 57. Nd6+ 1/2-1/2

[Event "8th Novi Sad it"]
[Site "Novi Sad"]
[Date "1979.10.19"]
[EventDate "1979.10.13"]
[Round "6.1"]
[White "Bojkovic, Slobodan"]
[Black "Gligoric, Svetozar"]
[Result "0-1"]
[WhiteElo "2410"]
[BlackElo "2560"]
[PlyCount "72"]
[Source "Perpetual Check"]

1. e4 d6 2. d4 g6 3. Nc3 Bg7 4. Bc4 Nc6 5. Nf3 Nf6 6. h3 O-O 7. O-O Nxe4 8.
Bxf7+ Rxf7 9. Nxe4 d5 10. Ng3 Qd6 11. c3 e5 12. dxe5 Nxe5 13. Nxe5 Bxe5 14. f4
Bg7 15. Be3 Be6 16. Qd2 Raf8 17. Rf3 b6 18. Rd1 Bc8 19. Qf2 Bb7 20. f5 d4 21.
Bf4 Qd7 22. Rfd3 h5 23. Rxd4 Bxd4 24. Rxd4 Qc6 25. Bg5 gxf5 26. h4 f4 27. Nxh5
f3 28. Rg4 Qg6 29. Nf4 Qb1+ 30. Kh2 fxg2 31. Qg1 Qxg1+ 32. Kxg1 Kh7 33. Nxg2
Rf1+ 34. Kh2 R8f2 35. Be3 Rxb2 36. Bd4 Rxg2+ 0-1

[Event "8th Novi Sad it"]
[Site "Novi Sad"]
[Date "1979.10.19"]
[EventDate "1979.10.13"]
[Round "6.2"]
[White "Browne, Walter Shawn"]
[Black "Kurajica, Bojan"]
[Result "1/2-1/2"]
[WhiteElo "2540"]
[BlackElo "2515"]
[PlyCount "90"]
[Source "Perpetual Check"]

1. d4 Nf6 2. Nf3 e6 3. c4 d5 4. Nc3 Bb4 5. e3 O-O 6. Bd3 b6 7. O-O dxc4 8. Bxc4
Bxc3 9. bxc3 Bb7 10. Ba3 c5 11. dxc5 Qxd1 12. Rfxd1 Rc8 13. cxb6 Nbd7 14. Bb3
Nxb6 15. Rac1 a5 16. Ne5 a4 17. Bc2 Bd5 18. Bb1 Nc4 19. Nxc4 Bxc4 20. e4 e5 21.
f3 h6 22. Kf2 Ra7 23. Rd2 Nd7 24. Rcd1 Be6 25. Bb4 Kh7 26. a3 Nb6 27. Rd8 Raa8
28. Rxc8 Rxc8 29. g3 Bb3 30. Rd3 Nc4 31. Ke2 g5 32. Rd7 Kg7 33. Bd3 Nb6 34. Rd6
Nc4 35. Rd7 Nb6 36. Re7 Nc4 37. Ra7 Rd8 38. Be7 Bd1+ 39. Kxd1 Rxd3+ 40. Kc2
Rd2+ 41. Kc1 Rxh2 42. Rxa4 Rh1+ 43. Kc2 Rh2+ 44. Kc1 Rh1+ 45. Kc2 Rh2+ 1/2-1/2

[Event "8th Novi Sad it"]
[Site "Novi Sad"]
[Date "1979.10.19"]
[EventDate "1979.10.13"]
[Round "6.3"]
[White "Rajkovic, Dusan"]
[Black "Sveshnikov, Evgeny"]
[Result "1/2-1/2"]
[WhiteElo "2460"]
[BlackElo "2545"]
[PlyCount "33"]
[Source "Perpetual Check"]

1. g3 d5 2. Bg2 e5 3. d3 g6 4. c4 dxc4 5. Qa4+ c6 6. Qxc4 Bg7 7. Nf3 Ne7 8. O-O
O-O 9. Qc2 Na6 10. Nc3 Nb4 11. Qb3 c5 12. Qc4 b6 13. Nxe5 Bxe5 14. Bxa8 Bd4 15.
Bg2 Be6 16. Qb5 Bd7 17. Qc4 1/2-1/2

[Event "8th Novi Sad it"]
[Site "Novi Sad"]
[Date "1979.10.19"]
[EventDate "1979.10.13"]
[Round "6.5"]
[White "Beliavsky, Alexander"]
[Black "Gheorghiu, Florin"]
[Result "0-1"]
[WhiteElo "2595"]
[BlackElo "2540"]
[PlyCount "81"]
[Source "Perpetual Check"]

1. e4 c5 2. Nf3 e6 3. d4 cxd4 4. Nxd4 a6 5. Bd3 Nf6 6. O-O d6 7. c4 g6 8. Nc3
Bg7 9. Re1 O-O 10. Bf1 b6 11. Bg5 Bb7 12. Qd2 Qc7 13. Rad1 Rc8 14. Nc2 Ne8 15.
Bh6 Bh8 16. Ne3 Nd7 17. Kh1 Bxc3 18. Qxc3 Bxe4 19. Bg5 e5 20. Ng4 f5 21. Nh6+
Kg7 22. f3 Bb7 23. b4 Nef6 24. Qb2 Re8 25. Rd2 Re6 26. Red1 Rae8 27. a3 e4 28.
f4 e3 29. Rc2 Qc6 30. Re1 e2 31. Rexe2 Rxe2 32. Rxe2 Qxc4 33. h3 Rxe2 34. Bxe2
Qe4 35. Bf1 Qe1 36. Kg1 Bd5 37. Qc2 Ne4 38. Qb2+ Nef6 39. Qc2 b5 40. Qc7 Be6
41. a4 0-1

[Event "8th Novi Sad it"]
[Site "Novi Sad"]
[Date "1979.10.19"]
[EventDate "1979.10.13"]
[Round "6.7"]
[White "Geller, Efim"]
[Black "Popovic, Petar"]
[Result "1/2-1/2"]
[WhiteElo "2550"]
[BlackElo "2410"]
[PlyCount "67"]
[Source "Perpetual Check"]

1. e4 c5 2. Nf3 d6 3. d4 cxd4 4. Nxd4 Nf6 5. Nc3 Nc6 6. Bg5 Qb6 7. Nb3 e6 8.
Be2 Be7 9. Bxf6 gxf6 10. O-O a6 11. Kh1 Rg8 12. f4 Rg7 13. Qe1 Bd7 14. Bf3 Kf8
15. a4 Qc7 16. a5 Rd8 17. Na4 Kg8 18. c4 Kh8 19. Nb6 Be8 20. Rc1 Nb8 21. Nd4
Bf8 22. Qe3 Nd7 23. Nb3 Rg8 24. Rfd1 Be7 25. Rd2 Rb8 26. Qd4 Nc5 27. Na1 e5 28.
Qg1 Bf8 29. b4 Ne6 30. Nd5 Qd8 31. f5 Bh6 32. fxe6 Bxd2 33. e7 Qc8 34. Rc2
1/2-1/2

[Event "8th Novi Sad it"]
[Site "Novi Sad"]
[Date "1979.10.21"]
[EventDate "1979.10.13"]
[Round "7.1"]
[White "Popovic, Petar"]
[Black "Bojkovic, Slobodan"]
[Result "1/2-1/2"]
[WhiteElo "2410"]
[BlackElo "2410"]
[PlyCount "90"]
[Source "Perpetual Check"]

1. g3 d5 2. Bg2 Nf6 3. d3 g6 4. Nf3 Bg7 5. O-O O-O 6. Nbd2 Nc6 7. c3 e5 8. e4
h6 9. Re1 dxe4 10. dxe4 Be6 11. Qe2 a5 12. a4 Nd7 13. Nf1 Nc5 14. Qb5 Nb3 15.
Rb1 Na7 16. Qe2 Qe8 17. Ne3 Qxa4 18. Nd5 Bxd5 19. exd5 Nxc1 20. Rbxc1 Rfe8 21.
h4 Qd7 22. c4 a4 23. Nd2 Nc8 24. c5 Ne7 25. Nc4 Nf5 26. d6 Nd4 27. Qe3 Rab8 28.
dxc7 Qxc7 29. Nb6 h5 30. Nxa4 Kh7 31. Qd3 f5 32. Qc4 e4 33. Nb6 Rbd8 34. b4 Nc6
35. Nd5 Qd7 36. Rcd1 Qf7 37. Ne3 Qxc4 38. Nxc4 Nxb4 39. Nd6 Re7 40. Nxe4 Rxe4
41. Bxe4 Rxd1 42. Rxd1 fxe4 43. Rd7 Nd3 44. Rxb7 Nxc5 45. Rc7 Nb3 1/2-1/2